Regions of France - Sudden Death - Statistics

General Stats
  • This quiz has been taken 311 times
  • The average score is 12 of 18
Answers on the Grid
Answers color-coded by a green-red scale on the quiz's grid according to % correct below.
Occitanie
Centre-Val de Loire
Toulouse
Province Capitale
Gaule
Réunion
Île-de-France
Corsica
Grand Est
Pays de Triomphe
French Guiana
Montpellier
Normandy
Brittany
Verlan
Hauts-de-France
Pays de la Loire
Lille
Guadeloupe
Le Rivière
Aix-en-Provence
Bourgogne-Franche-Comté
Mayotte
Nouvelle Aquitaine
Martinique
Provence-Alpes-Côte d'Azur
Versailles
Auvergne-Rhône-Alpes
Émerveiller
Bordeaux
 
Answer Stats
Answer % Correct
Occitanie
87%
Centre-Val de Loire
83%
Île-de-France
75%
Normandy
74%
Pays de la Loire
72%
Grand Est
70%
Hauts-de-France
70%
Provence-Alpes-Côte d'Azur
68%
Réunion
68%
Auvergne-Rhône-Alpes
67%
Bourgogne-Franche-Comté
67%
Nouvelle Aquitaine
66%
Guadeloupe
64%
Mayotte
63%
Corsica
62%
French Guiana
61%
Martinique
60%
Brittany
56%
No matching quizzes found
Score Distribution
Percent of People with Each Score
Percentile by Number Answered
Your Score History
You have not taken this quiz